| 000 | 00456nam a2200181 a 4500 | ||
|---|---|---|---|
| 001 | 5384 | ||
| 005 | 20180713185237.0 | ||
| 008 | 140415s1976 mx 000 0 spa d | ||
| 041 | _aspa | ||
| 082 |
_a330 _bGIL |
||
| 100 | 1 | _aGILL, RICHARD T. | |
| 245 | 1 | 3 | _aLA ECONOMIA Y EL INTERES PUBLICO |
| 250 | _a1a ed. | ||
| 260 |
_aMEXICO : _bCECSA, _c1976 |
||
| 300 | _a352 | ||
| 650 | 1 | 4 |
_aCAPITALISMO _xECONOMIA |
| 700 | 1 |
_aDIES, HAROLDO _etr. |
|
| 999 |
_c5384 _d5384 |
||